Most Key strokes - 15 second sprint - Statistics

General Stats
  • This quiz has been taken 162 times
  • The average score is 93 of 160
Answer Stats
Answer % Correct
D
100%
O
99%
D
97%
D
97%
O
97%
O
97%
D
96%
D
96%
O
96%
D
94%
D
94%
D
94%
O
94%
O
94%
O
94%
D
91%
D
91%
D
91%
D
91%
O
91%
O
91%
O
91%
O
91%
O
90%
D
88%
D
88%
O
88%
O
88%
D
87%
O
87%
D
86%
D
86%
O
86%
D
83%
O
83%
D
81%
D
81%
D
81%
D
81%
D
81%
O
81%
O
81%
O
81%
O
81%
O
81%
O
81%
D
80%
D
80%
D
80%
O
80%
O
80%
O
80%
D
78%
D
78%
D
78%
O
78%
O
78%
D
77%
D
77%
D
77%
D
77%
O
77%
O
77%
O
77%
O
77%
O
77%
D
75%
O
75%
D
74%
D
71%
D
71%
D
71%
D
71%
D
71%
O
71%
O
71%
O
71%
O
71%
O
71%
O
71%
D
70%
D
70%
O
70%
O
68%
D
67%
O
67%
D
65%
D
64%
D
64%
O
64%
O
64%
O
62%
D
61%
O
59%
D
58%
D
57%
D
57%
O
57%
O
57%
O
57%
D
55%
O
54%
D
51%
O
51%
D
48%
D
46%
O
46%
D
45%
O
45%
O
42%
D
41%
O
38%
D
36%
O
36%
D
32%
O
32%
D
29%
D
29%
O
29%
O
26%
D
25%
D
25%
D
25%
O
25%
O
25%
O
23%
D
20%
D
19%
O
19%
O
19%
D
17%
O
17%
D
16%
O
14%
D
13%
D
13%
D
13%
O
13%
O
13%
O
13%
D
12%
D
12%
D
12%
O
12%
O
12%
D
10%
D
10%
D
10%
D
10%
O
10%
O
10%
O
10%
O
10%
O
10%
D
9%
D
9%
O
9%
O
9%
D
6%
O
6%
No matching quizzes found
Score Distribution
Percent of People with Each Score
Percentile by Number Answered
Your Score History
You have not taken this quiz